000 03103cam a22004094i 4500
003 PE-LiUPU
005 20250731175626.0
008 181220s2018 pau r 000 0 eng d
020 _a9781575069777
020 _a1575069776
035 _a(Sirsi) a251122
040 _aPE-LiUPU
_bspa
_cPE-LiUPU
_erda
049 _aPRUA
082 0 4 _a493.15
_bB49
_223
100 1 _aBeylage, Peter,
_eautor.
245 1 0 _aMiddle Egyptian /
_cPeter Beylage.
264 1 _aUniversity Park, Pennsylvania :
_bEisenbrauns,
_c2018.
300 _axxx, 829 páginas ;
_c26 centímetros.
336 _atext
_2rdacontent
337 _aunmediated
_2rdamedia
338 _avolume
_2rdacarrier
490 0 _aLanguages of the ancient Near East
505 0 _aWriting system and word classes -- The writing system and its transliteration -- Nouns -- Noun phrases -- Pronouns -- Adjectives -- Prepositions -- The adjectival conversion of nouns and prepositions- the nisba -- Adverbs -- Numbers -- Verbd - definition and verb classes -- The infinitive and other verbal nouns, the negatival complement, and the complementary infinitive -- Particles and interjections -- Overview of the different sentence patterns and non-verbal sentence patterns -- Overview of the different sentence patterns -- Clauses with nominal predicate -- Clauses with adjectival predicate -- Clauses with adverbial predicate -- Different patterns of non-existence -- Possesive clauses -- Pseudo-verbal and verbal clauses -- Further remarks on verbs -- The Pseudo-verbal construction -- The stative -- Overview of clauses with verbal predicate -- The perfect and the passive -- The perfective -- The unmarked forms of the suffix conjugation -- The prospective forms of the sufftix conjugation -- The subjunctive form of the suffix conjugation -- The contingent forms of the suffix conjugation -- Te form -- Existential clauses and the periphrasis / substitution of non-verbal sentence patterns -- The imperative -- Embedded clauses -- The adjectival embedding I - virtual and marked adjective clauses -- The adjectival embedding II - embedding of a verbal predicate without the relative adjective -- The nominal embedding I - marked noun clauses -- The nominal embedding II - virtual embedding of a verbal predicate -- The nominal embedding III -prepositional adverb clauses -- Special sentence patterns -- Topicalised verbs phrases -- Emphasising sentence patterns -- Markers for speech and statements -- Auxiliary verbs and constructions correspondent to english modal verbs.
526 _aP145
526 _aP127
526 _aP97
526 _aP35
526 _aP14
526 _aP07
650 0 4 _aEgyptian language
_xGramática.
910 _adbm
_bncf
_cncf
_d20181220
942 _2ddc
_cBOOK
994 _aC0
_bPEPRU
596 _a1
999 _a493.15 B49
_wDEWEY
_c30571
_i79691
_f2021-11-11
_g4
_lCCODEBUL1
_mBUL
_p62.97
_r0
_sY
_tBOOK
_u2018-12-20
_xTEOLOGIA
_PP85
_0COMPRA
_1FCOMPR2
_o.STAFF. Colección Teología
_d30571
980 _81
_gALBERTO SANCHEZ Responsable de Automatización